000 00917cam a22002771 4500
001 2648
003 BD-RjUL
005 20211208233608.0
008 131212r19401938nyuab 000 0 eng
035 _a(BD-RjUL)2675
035 _a(OCoLC)4184320
040 _aDLC
_cABAU
_dABAU
_dDLC
_d(BD-RjUL)
_beng
041 _aeng
082 _a331.0973
_bTAL
100 1 _aTaylor, Albion Guilford,
_d1886-
_98546
245 1 0 _aLabor problems and labor law /
_cby Albion Guilford Taylor.
260 _aNew York,
_bPrentice-Hall, inc.
_c[c1938 [Reprent1940]
300 _axiii, 663 p.
_billus. (maps) diagrs.
_c24 cm.
490 0 _aPrentice-Hall economics series
504 _a"Collateral readings" at end of each chapter.
650 0 _aLabor and laboring classes
_zUnited States.
_98456
650 0 _aLabor laws and legislation
_zUnited States.
_97551
942 _2ddc
_cBK
999 _c2648
_d2648